Fertilization and containers in the seedlings production and post-planting survival of Schizolobium parahyba (Registro n. 299710)
[ somente texto ]
| 000 -LÍDER | |
|---|---|
| fixed length control field | 05180nab a2200349 i 4500 |
| 003 - CÓDIGO MARC DA AGÊNCIA CATALOGADORA | |
| Campo de controle | BR-BrBNA |
| 005 - DATA E HORA DA ÚLTIMA ATUALIZAÇÃO | |
| Campo de controle | 20240522085055.0 |
| 008 - CAMPO DE TAMANHO FIXO | |
| fixed length control field | 240522b2019 bl.qr|pooa||| 00| 0 eng | |
| 040 ## - FONTE DA CATALOGAÇÃO | |
| Agência catalogadora | BR-BrBNA |
| Idioma da catalogação | eng |
| 072 ## - CATEGORIA AGRIS | |
| Código AGRIS | F04 |
| 072 ## - CATEGORIA AGRIS | |
| Código AGRIS | K10 |
| 100 ## - ENTRADA PRINCIPAL - NOME PESSOAL | |
| Nome pessoal | Cabreira, Gerhard Valkinir |
| 100 ## - ENTRADA PRINCIPAL - NOME PESSOAL | |
| Nome pessoal | Leles, Paulo Sérgio dos Santos |
| 100 ## - ENTRADA PRINCIPAL - NOME PESSOAL | |
| Nome pessoal | Alonso, Jorge Makhlouta |
| 100 ## - ENTRADA PRINCIPAL - NOME PESSOAL | |
| Nome pessoal | Abreu, Alan Henrique Marques de |
| 100 ## - ENTRADA PRINCIPAL - NOME PESSOAL | |
| Nome pessoal | Arthur Junior, José Carlos |
| 100 ## - ENTRADA PRINCIPAL - NOME PESSOAL | |
| Nome pessoal | Gusmão, Avner Vianna Vieira |
| 100 ## - ENTRADA PRINCIPAL - NOME PESSOAL | |
| Nome pessoal | Lopes, Nayara Franzini |
| 245 ## - TÍTULO PRINCIPAL | |
| Título principal | Fertilization and containers in the seedlings production and post-planting survival of Schizolobium parahyba |
| 500 ## - NOTA GERAL | |
| Nota geral | Publicação on-line; 28 ref.; 5 tables; 3 illus.; Summaries (En, Pt) |
| 942 ## - ADDED ENTRY ELEMENTS (KOHA) | |
| Koha item type | |
| 520 ## - NOTA DE RESUMO | |
| Nota de conteúdo | <br/><br/>Abstract<br/><br/>Fertilization in the production of forest seedlings can vary according to the substrate, container and<br/>fertilizer used in the nursery. Controlled release fertilizers (CRF) can be applied to reduce or even to<br/>eliminate the need for top-dress fertilization. The CRF doses can vary according to the container volume,<br/>considering the different amount of substrate available for seedlings in different containers. This study<br/>aimed to evaluate the growth of Schizolobium parahyba seedlings produced in plastic tubes of 110 and 280<br/>cm3, with different doses of CRF (15-09-12) (0, 3, 6 e 12 kg m-3), as well as the seedlings survival and the<br/>initial growth after post-planting in the northern region of Rio de Janeiro state. The study was conducted<br/>using a factorial design 2 x 4 (tube volumes x CRF doses), with five repetitions for each treatment. As<br/>substrate it was used sewage sludge from urban areas, which was dried in open air beds. The growth of<br/>seedlings at nursery was evaluated at 93 days after the transplant, and the survival and initial growth at<br/>five and twelve months after planting. The Schizolobium parahyba seedlings showed higher growth in 280<br/>cm3 tubes and responded positively to the CRF application, where the most efficient dose was 8.3 kg cm3<br/>for this plastic tube. Twelve months after planting, seedlings from all treatments showed survival below<br/>80%, being under the standard recommended for forest restoration. The mortality of seedlings occurred<br/>in consequence of five months of water deficit in a sandy clay loam soil. Considering only nursery data,<br/>the combination of 280 cm3 plastic tubes, with the CRF dose of 8.3 kg cm3 are recommended to produce<br/>Schizolobium parahyba seedlings.<br/><br/>Keywords: Mineral fertilization; Sewage sludge; Plastic tube; Forest nursery |
| 520 ## - NOTA DE RESUMO | |
| Nota de conteúdo | <br/><br/>Resumo<br/><br/>A fertilização na produção de mudas florestais é variável de acordo com o substrato, recipiente e o tipo<br/>de fertilizante utilizados. O fertilizante de liberação controlada (FLC) pode ser utilizado visando diminuir<br/>ou mesmo eliminar a necessidade de fertilização de cobertura. A dose de FLC aplicada pode variar de<br/>acordo com o volume do recipiente, considerando a quantidade de substrato disponível para as mudas em<br/>diferentes recipientes. Este trabalho teve como objetivo avaliar o crescimento de mudas de Schizolobium<br/>parahyba produzidas com tubetes de 110 e 280 cm3 em doses crescentes de FLC (15-09-12) (0, 3, 6 e 12 kg<br/>m-3), bem como seu crescimento inicial e sobrevivência após plantio na região norte do estado do Rio de<br/>Janeiro. O estudo foi conduzido em arranjo fatorial 2 x 4 (recipientes x doses de FLC) com 5 repetições<br/>para cada tratamento. Como substrato foi utilizado lodo de esgoto de áreas urbanas, submetido a secagem<br/>em leitos ao ar livre. O crescimento das mudas no viveiro foi avaliado aos 93 dias após a repicagem e a<br/>sobrevivência e crescimento inicial em campo aos 5 e 12 meses após o plantio. As mudas de Schizolobium<br/>parahyba apresentaram maior crescimento em tubetes de 280 cm3 e responderam positivamente à aplicação <br/>de FLC, sendo que a dose de máxima eficiência técnica foi de 8,3 kg cm3 para esse tubete. Aos 12 meses<br/>após o plantio, mudas de todos os tratamentos apresentaram sobrevivência menor que 80%, ficando abaixo<br/>do recomendado para plantios de restauração florestal. A mortalidade das mudas ocorreu devido a cinco<br/>meses de déficit hídrico em solo argilo-arenoso. Considerando apenas os dados de viveiro, a combinação<br/>de tubete de 280 cm3, com a dose de FLC de 8,3 kg m-3 são recomendados para produção de mudas de<br/>Schizolobium parahyba.<br/><br/>Palavras-chave: Fertilização mineral; Lodo de esgoto; Tubete; Viveiros florestais |
| 650 ## - ASSUNTO - THESAGRO | |
| Cabeçalho tópico ou nome geográfico | FERTILIZANTE |
| 650 ## - ASSUNTO - THESAGRO | |
| Cabeçalho tópico ou nome geográfico | LODO RESIDUAL |
| 650 ## - ASSUNTO - THESAGRO | |
| Cabeçalho tópico ou nome geográfico | ADUBO DE ESGOTO |
| 650 ## - ASSUNTO - THESAGRO | |
| Cabeçalho tópico ou nome geográfico | TUBETE |
| 650 ## - ASSUNTO - THESAGRO | |
| Cabeçalho tópico ou nome geográfico | VIVEIRO FLORESTAL |
| 773 0# - ENTRADA ANALÍTICA | |
| Host Biblionumber | 4065 |
| Registro do item | 314613 |
| Imprenta | Santa Maria-RS Universidade Federal de Santa Maria - Centro de Pesquisas Florestais.Departamento de Ciências Florestais. Programa de Pós-Graduação em Engenharia Florestal 1991 |
| Outro identificador | 2024-0865 |
| Título | Ciência Florestal (Brazil) |
| ISSN | 0103-9954; 1980-5098 (on-line) |
| Colação | v. 29(4) p. 1644-1657; (Oct-Dec 2019) |
| Número de controle de registro | BR2023001709 |
| 856 ## - ACESSO E ENDEREÇO ELETRÔNICO | |
| Identificador uniforme de recurso - URI | https://www.scielo.br/j/cflo/a/gDjMChqqQCPyFXRnTYfnxsd/?format=pdf&lang=en |
Nenhum exemplar disponível.

BINAGRI